[Event "Titled Tue 26th Aug Early"]
[Site "chess.com INT"]
[Date "2025.08.26"]
[Round "10"]
[White "Svane, Rasmus"]
[Black "Srihari, L R"]
[Result "1-0"]
[WhiteTitle "GM"]
[BlackTitle "GM"]
[WhiteElo "2619"]
[BlackElo "2482"]
[WhiteFideId "4657101"]
[BlackFideId "46617116"]
[EventDate "2025.08.26"]

1. Nf3 c5 2. e3 Nc6 3. d4 cxd4 4. exd4 d5 5. c3 Nf6 6. Ne5 e6 7. Bd3 Nxe5 8.
dxe5 Nd7 9. f4 Bc5 10. Nd2 O-O 11. Nb3 Bb6 12. Qe2 f6 13. exf6 Nxf6 14. Be3 e5
15. Bxb6 Qxb6 16. fxe5 Bg4 17. Qf2 Qxf2+ 18. Kxf2 Nd7+ 19. Kg3 Nxe5 20. Bc2 Bd7
21. Nd4 Nc4 22. Bb3 Kh8 23. Bxc4 dxc4 24. Rhf1 Kg8 25. Rae1 Rae8 26. Rxf8+ Rxf8
27. Re7 Rd8 28. Kf4 Kf8 29. Re5 b6 30. Ke4 Bc8 31. g3 Kf7 32. Ke3 a6 33. a4 Rd6
34. a5 b5 35. Rc5 Bd7 36. Rc7 Kf6 37. Rb7 Ke5 38. h4 h5 39. Rb6 Rxb6 40. axb6
Kd6 41. Kf4 Bc8 42. Kg5 Kc5 43. Kxh5 Kxb6 44. Kg6 Bg4 45. Kxg7 a5 46. Kg6 b4 47.
h5 a4 48. h6 a3 49. bxa3 b3 50. h7 b2 51. h8=Q b1=Q+ 52. Kg5 Qe4 53. Qb8+ Kc5
54. Qc7+ 1-0

[Event "Titled Tue 26th Aug Early"]
[Site "chess.com INT"]
[Date "2025.08.26"]
[Round "10"]
[White "Kavyev, Ruslan"]
[Black "Bologan, Victor"]
[Result "0-1"]
[WhiteTitle "FM"]
[BlackTitle "GM"]
[WhiteElo "2179"]
[BlackElo "2601"]
[WhiteFideId "34110981"]
[BlackFideId "13900048"]
[EventDate "2025.08.26"]

1. Nf3 d6 2. d4 Nf6 3. c4 g6 4. Nc3 Bf5 5. Nh4 Bd7 6. Nf3 Bg7 7. e4 Bg4 8. Be2
Bxf3 9. Bxf3 e5 10. dxe5 dxe5 11. Qb3 Qc8 12. Nd5 c6 13. Nxf6+ Bxf6 14. h4 h5
15. Be3 Nd7 16. c5 Nf8 17. Be2 Qc7 18. Bc4 Rd8 19. g3 Nh7 20. O-O O-O 21. Rad1
Kg7 22. Rxd8 Rxd8 23. Rd1 Nf8 24. Rxd8 Bxd8 25. Qd3 Be7 26. b4 a6 27. Qb3 Bf6
28. Qd3 Qd7 29. Qxd7 Nxd7 30. Kf1 Kf8 31. Ke2 Ke7 32. Kd3 Bg7 33. Bg5+ f6 34.
Be3 f5 35. Bg5+ Bf6 36. Bg8 Bxg5 37. hxg5 f4 38. Ke2 fxg3 39. fxg3 a5 40. a3
axb4 41. axb4 b6 42. cxb6 Nxb6 43. Kd3 Nc8 44. Kc4 Nd6+ 45. Kc5 Kd7 46. Bh7
Nxe4+ 47. Kb6 Nxg3 48. Bxg6 h4 49. Bf7 h3 50. g6 Nh5 51. Bc4 h2 52. Be2 h1=Q 0-1

[Event "Titled Tue 26th Aug Early"]
[Site "chess.com INT"]
[Date "2025.08.26"]
[Round "10"]
[White "Csonka, Balazs"]
[Black "Rustamov, Rustam"]
[Result "1-0"]
[WhiteTitle "IM"]
[BlackTitle "FM"]
[WhiteElo "2467"]
[BlackElo "2310"]
[WhiteFideId "742910"]
[BlackFideId "13440110"]
[EventDate "2025.08.26"]

1. c4 Nf6 2. d4 e6 3. Nc3 Bb4 4. Qc2 O-O 5. a3 Bxc3+ 6. Qxc3 d5 7. Bg5 dxc4 8.
Qxc4 b5 9. Qc3 Bb7 10. Nf3 h6 11. Bh4 g5 12. Bg3 Nc6 13. e3 Ne4 14. Qc2 Nd6 15.
Bd3 Ne7 16. h4 g4 17. Ne5 h5 18. f3 Ndf5 19. Bf4 f6 20. Bxf5 Nxf5 21. Nd3 gxf3
22. gxf3 Bxf3 23. Rg1+ Kh7 24. Nc5 Qd5 25. Kf2 Bg4 26. Qe4 Qe5 27. dxe5 Rad8 28.
Nxe6 Rd2+ 29. Ke1 Re2+ 30. Kf1 Re8 31. Rxg4 hxg4 32. Qxf5+ Kh8 33. Qxf6+ 1-0

[Event "Titled Tue 26th Aug Early"]
[Site "chess.com INT"]
[Date "2025.08.26"]
[Round "10"]
[White "Szpar, Milosz"]
[Black "Wen, Gehua"]
[Result "1-0"]
[WhiteTitle "GM"]
[BlackTitle "CM"]
[WhiteElo "2490"]
[BlackElo "2196"]
[WhiteFideId "1184989"]
[BlackFideId "8603430"]
[EventDate "2025.08.26"]

1. e4 e6 2. d4 d5 3. Nc3 Nf6 4. e5 Nfd7 5. Nce2 c5 6. c3 Nc6 7. Nf3 Be7 8. a3 a5
9. h4 b6 10. Nf4 g6 11. Bb5 Qc7 12. Ng5 Bxg5 13. hxg5 Ba6 14. Bxa6 Rxa6 15. Qd3
c4 16. Qf3 Ne7 17. g4 b5 18. Rh3 Qb6 19. Qh1 b4 20. Rxh7 Rxh7 21. Qxh7 Nf8 22.
Qh3 bxc3 23. bxc3 Qb3 24. a4 Rb6 25. Kd2 Nc6 26. Qf1 Nd7 27. Qd1 Qxd1+ 28. Kxd1
Rb3 29. Ne2 Nb6 30. Kc2 Kd7 31. Bd2 Ne7 32. Nc1 Nc6 33. Nxb3 cxb3+ 34. Kxb3 Nc4
35. Be3 1-0

[Event "Titled Tue 26th Aug Early"]
[Site "chess.com INT"]
[Date "2025.08.26"]
[Round "10"]
[White "Cai, Chaoruo"]
[Black "Carrasco Miranda, Andres"]
[Result "1-0"]
[WhiteTitle "CM"]
[BlackTitle "CM"]
[WhiteElo "2274"]
[BlackElo "2226"]
[WhiteFideId "8618402"]
[BlackFideId "3405990"]
[EventDate "2025.08.26"]

1. d4 Nf6 2. Nf3 g6 3. g3 Bg7 4. Bg2 O-O 5. O-O d5 6. c4 Nc6 7. cxd5 Nxd5 8. e3
Nb6 9. Nc3 a5 10. Re1 e5 11. d5 Nb4 12. e4 c6 13. b3 cxd5 14. exd5 e4 15. Nxe4
Bxa1 16. Bg5 f6 17. Bh6 Rf7 18. Qxa1 Nc2 19. Qc3 Nxe1 20. Qxe1 Nxd5 21. h4 Ne7
22. h5 Nf5 23. Bc1 Bd7 24. g4 Ne7 25. g5 Nd5 26. gxf6 Nxf6 27. Nfg5 Be8 28. Nxf7
Bxf7 29. Bb2 Nxh5 30. Qc3 Qd1+ 31. Kh2 Be8 32. Qh8+ Kf7 33. Qe5 h6 34. Nd6+ Qxd6
35. Qxd6 Bc6 36. Bxc6 bxc6 37. Qd7+ Kg8 38. Qxc6 Ra7 39. Qxg6+ Ng7 40. Qxh6 Rf7
41. Bxg7 Rxf2+ 42. Kg3 Rf1 43. Bd4 Rg1+ 44. Bxg1 a4 45. Bd4 Kf7 46. Qf6+ Ke8 47.
Qg7 axb3 48. Bf6 b2 49. Qe7# 1-0

[Event "Titled Tue 26th Aug Early"]
[Site "chess.com INT"]
[Date "2025.08.26"]
[Round "10"]
[White "Drygalov, Sergey"]
[Black "Tang, Andrew"]
[Result "1-0"]
[WhiteTitle "GM"]
[BlackTitle "GM"]
[WhiteElo "2560"]
[BlackElo "2538"]
[WhiteFideId "24171743"]
[BlackFideId "2059630"]
[EventDate "2025.08.26"]

1. d4 d5 2. c4 e6 3. Nf3 Nf6 4. Nc3 Be7 5. Bf4 O-O 6. e3 b6 7. Bd3 c5 8. dxc5
bxc5 9. O-O Nc6 10. Rc1 Bb7 11. cxd5 Nxd5 12. Nxd5 exd5 13. Re1 Qb6 14. b3 a5
15. Bb1 Rfd8 16. h4 Bc8 17. Ng5 h6 18. Qh5 Rf8 19. Nf3 f5 20. Bxh6 gxh6 21. Qg6+
Kh8 22. Qxh6+ Kg8 23. Qg6+ Kh8 24. Ne5 Bf6 25. Nf7+ Rxf7 26. Qxf7 Ne7 27. Rxc5
Qxc5 28. Qxf6+ Kg8 29. h5 Ra6 30. Qg5+ Kh8 31. Bd3 Rc6 32. Rd1 Qd6 33. Bb5 Rc5
34. h6 Ng6 35. Be8 Kh7 36. Bxg6+ Qxg6 37. Qe7+ Kxh6 38. Qxc5 Bb7 39. Qf8+ Kh7
40. Qe7+ 1-0

[Event "Titled Tue 26th Aug Early"]
[Site "chess.com INT"]
[Date "2025.08.26"]
[Round "10"]
[White "Purygin, Andrei"]
[Black "Aalto, Patrik"]
[Result "0-1"]
[WhiteTitle "FM"]
[BlackTitle "FM"]
[WhiteElo "2309"]
[BlackElo "2335"]
[WhiteFideId "24111180"]
[BlackFideId "510726"]
[EventDate "2025.08.26"]

1. d4 Nf6 2. Nf3 e6 3. c4 c5 4. d5 b5 5. dxe6 fxe6 6. cxb5 Bb7 7. e3 d5 8. Nc3
Bd6 9. Be2 Nbd7 10. a4 O-O 11. O-O a6 12. bxa6 Bxa6 13. Bxa6 Rxa6 14. b3 Qe7 15.
Nb5 Rb8 16. Bb2 e5 17. Qe2 e4 18. Nd2 Rab6 19. Nxd6 Qxd6 20. a5 Ra6 21. f3 exf3
22. gxf3 Rba8 23. Bc3 d4 24. exd4 cxd4 25. Qc4+ Qd5 26. Bxd4 Rxa5 27. Rxa5 Rxa5
28. Bxf6 Nxf6 29. Qxd5+ Nxd5 30. Nc4 Rb5 31. Rb1 Kf8 32. Rb2 Ke7 33. Kf2 Nb4 34.
Ke3 Rf5 35. Ke4 Rh5 36. Kd4 Rh3 37. Ne5 Kd6 38. Re2 Rh4+ 39. Kc3 Nd5+ 40. Kd2
Kc5 41. Nd3+ Kd6 42. Rf2 g5 43. Rg2 h6 44. Ne1 Rb4 0-1

[Event "Titled Tue 26th Aug Early"]
[Site "chess.com INT"]
[Date "2025.08.26"]
[Round "10"]
[White "Mikhailovsky, Vladimir"]
[Black "Ter-Sahakyan, Samvel"]
[Result "1-0"]
[WhiteTitle "CM"]
[BlackTitle "GM"]
[WhiteElo "2215"]
[BlackElo "2611"]
[WhiteFideId "34105414"]
[BlackFideId "13302531"]
[EventDate "2025.08.26"]

1. e4 c5 2. Nf3 Nc6 3. c3 Nf6 4. e5 Nd5 5. Bc4 Nb6 6. Bb3 c4 7. Bc2 d6 8. exd6
Qxd6 9. O-O Bg4 10. Re1 Ne5 11. Rxe5 Bxf3 12. Qe1 Bc6 13. Na3 e6 14. b3 cxb3 15.
axb3 Be7 16. Nc4 Nxc4 17. bxc4 O-O 18. d4 Rfe8 19. Qe2 Bf6 20. Re3 g6 21. Ba3
Qf4 22. Re1 Kg7 23. Be4 Bxe4 24. Rxe4 Qc7 25. Qf3 Be7 26. c5 Qc6 27. c4 Bf6 28.
Bb2 Qc7 29. Rf4 Bg5 30. d5+ Kg8 31. d6 Qa5 32. Bc3 Qxc5 33. Rxf7 e5 34. Rc7 1-0

[Event "Titled Tue 26th Aug Early"]
[Site "chess.com INT"]
[Date "2025.08.26"]
[Round "10"]
[White "Weetik, Vjacheslav"]
[Black "Ganiev, Artur"]
[Result "0-1"]
[WhiteTitle "FM"]
[WhiteElo "2423"]
[BlackElo "2247"]
[WhiteFideId "4153472"]
[BlackFideId "34391550"]
[EventDate "2025.08.26"]

1. Nf3 d5 2. g3 c5 3. Bg2 Nf6 4. O-O e6 5. d4 cxd4 6. Nxd4 Be7 7. c4 O-O 8. cxd5
exd5 9. Nc3 Nc6 10. Nxc6 bxc6 11. Na4 Re8 12. Be3 Bd6 13. Bc5 Bxc5 14. Nxc5 Qb6
15. Na4 Qb5 16. e3 Bg4 17. Qc2 Rac8 18. Rfc1 Bh5 19. Nc5 Rb8 20. b3 Bg6 21. Qc3
a5 22. h3 h6 23. Kh2 Rec8 24. Qd4 Qe2 25. Kg1 Rb4 26. Qd1 Qb2 27. a3 Rbb8 28.
Qd4 Qxd4 29. exd4 Bf5 30. g4 Be6 0-1

[Event "Titled Tue 26th Aug Early"]
[Site "chess.com INT"]
[Date "2025.08.26"]
[Round "10"]
[White "Karthik, Sai Ch"]
[Black "Gutman, Gennadi"]
[Result "0-1"]
[WhiteTitle "CM"]
[BlackTitle "GM"]
[WhiteElo "2159"]
[BlackElo "2445"]
[WhiteFideId "46649484"]
[BlackFideId "14102277"]
[EventDate "2025.08.26"]

1. Nf3 c6 2. g3 d5 3. Bg2 Nf6 4. O-O Nbd7 5. d4 e6 6. c4 Be7 7. Nc3 O-O 8. Nd2
Re8 9. e4 dxe4 10. Ndxe4 Nxe4 11. Nxe4 Nf6 12. Be3 Nxe4 13. Bxe4 Bf6 14. Qb3 e5
15. d5 Bd7 16. Rfd1 Qc7 17. d6 Qc8 18. Qc2 h6 19. Rac1 Be6 20. Rd2 Qd7 21. Rcd1
Bd8 22. b3 Bg4 23. f3 Be6 24. f4 Bg4 25. Rf1 Ba5 26. Rd3 exf4 27. Bxf4 Rxe4 28.
b4 Re2 29. Qc3 Bd8 30. Qd4 Bf6 31. Qc5 b6 0-1

[Event "Titled Tue 26th Aug Early"]
[Site "chess.com INT"]
[Date "2025.08.26"]
[Round "10"]
[White "Miserendino, Alfredo"]
[Black "Alazmi, Amani"]
[Result "1-0"]
[BlackTitle "WCM"]
[WhiteElo "2032"]
[BlackElo "1745"]
[WhiteFideId "101800"]
[BlackFideId "10303553"]
[EventDate "2025.08.26"]

1. e4 c5 2. Nf3 g6 3. d4 cxd4 4. Qxd4 Nf6 5. e5 Nc6 6. Qa4 Nd5 7. Qe4 Nc7 8. Nc3
Bg7 9. Bf4 O-O 10. O-O-O Ne6 11. h4 Nxf4 12. Qxf4 Qa5 13. h5 Nxe5 14. Rd5 Qc7
15. Nxe5 e6 16. Nb5 Qb8 17. Rd6 a6 18. hxg6 fxg6 19. Qh4 h6 20. Nxg6 Re8 21.
Ne7+ Kf7 22. Qh5+ Kxe7 23. Qh4+ Kf8 24. Rh3 Kg8 25. Rg3 axb5 26. Qxh6 Re7 27.
Rdd3 Qe5 28. Kd2 Ra4 29. Be2 Rd4 30. Rxd4 Qxd4+ 31. Bd3 Qe5 32. Rg4 1-0

[Event "Titled Tue 26th Aug Early"]
[Site "chess.com INT"]
[Date "2025.08.26"]
[Round "10"]
[White "Perez Gormaz, Matias"]
[Black "Zeliantsova, Kseniya"]
[Result "1-0"]
[WhiteTitle "IM"]
[BlackTitle "WFM"]
[WhiteElo "2381"]
[BlackElo "2062"]
[WhiteFideId "3406342"]
[BlackFideId "13512617"]
[EventDate "2025.08.26"]

1. e4 d6 2. d4 Nf6 3. Nc3 g6 4. Bg5 Bg7 5. e5 Nfd7 6. f4 O-O 7. Bc4 Nb6 8. Bb3
d5 9. Nf3 f6 10. Bh4 Nc6 11. O-O Na5 12. Ne2 Nac4 13. Qc1 Bg4 14. h3 Bxf3 15.
Rxf3 fxe5 16. dxe5 c5 17. c3 Qc7 18. Bc2 e6 19. b3 Na5 20. Qa3 Nd7 21. Be7 Rf7
22. Bd6 Qb6 23. Kh1 Bf8 24. Bxf8 Raxf8 25. Raf1 Nc6 26. Qc1 Qa6 27. Qb1 Kg7 28.
Bd3 c4 29. bxc4 dxc4 30. Be4 Nc5 31. Bxc6 Qxc6 32. Nd4 Qd5 33. Qb4 Nd3 34. Qd6
Qxd6 35. exd6 Kf6 36. Re3 Re8 37. f5 e5 38. fxg6+ Kxg6 39. Rxf7 Kxf7 40. Rf3+
Kg6 41. d7 Rg8 42. Rg3+ Kf7 43. Rxg8 Kxg8 44. d8=Q+ 1-0

[Event "Titled Tue 26th Aug Early"]
[Site "chess.com INT"]
[Date "2025.08.26"]
[Round "10"]
[White "Fedorov, Artem Alek"]
[Black "Zhigalko, Sergei"]
[Result "0-1"]
[WhiteTitle "CM"]
[BlackTitle "GM"]
[WhiteElo "2093"]
[BlackElo "2572"]
[WhiteFideId "34418431"]
[BlackFideId "13502956"]
[EventDate "2025.08.26"]

1. e4 c5 2. Nf3 Nc6 3. Bb5 Nf6 4. Bxc6 dxc6 5. d3 Bg4 6. h3 Bh5 7. g4 Bg6 8. b3
Qc7 9. Bb2 Nd7 10. Nbd2 e5 11. Qe2 Be7 12. O-O-O a5 13. h4 f6 14. h5 Bf7 15. Nh4
a4 16. Nf5 Bf8 17. h6 g5 18. Ng7+ Kd8 19. f4 gxf4 20. g5 fxg5 21. Nf3 Be7 22.
Rdg1 axb3 23. axb3 Ra2 24. Nxg5 Bxg5 25. Rxg5 Qa5 26. Rhg1 Kc7 27. Qe1 Qa7 28.
Qc3 Ra8 29. Kd2 c4 30. bxc4 Qe3+ 31. Kd1 R8a4 32. Rxe5 Qxg1+ 33. Ke2 Qg2+ 34.
Kd1 Qh1+ 35. Kd2 Qxh6 36. Rf5 f3+ 37. Ke1 Qe3+ 38. Kf1 Qe2+ 39. Kg1 Qg2# 0-1

[Event "Titled Tue 26th Aug Early"]
[Site "chess.com INT"]
[Date "2025.08.26"]
[Round "10"]
[White "Mekhitarian, Krikor Sevag"]
[Black "Galchenko, Matvey"]
[Result "0-1"]
[WhiteTitle "GM"]
[BlackTitle "IM"]
[WhiteElo "2549"]
[BlackElo "2435"]
[WhiteFideId "2107660"]
[BlackFideId "24175480"]
[EventDate "2025.08.26"]

1. Nf3 c5 2. c4 g6 3. d4 cxd4 4. Nxd4 Bg7 5. e4 Nc6 6. Be3 Nf6 7. Nc3 O-O 8. Be2
d6 9. O-O Nxd4 10. Bxd4 a5 11. b3 Bd7 12. f4 Bc6 13. Bf3 Nd7 14. Bxg7 Kxg7 15.
Qd4+ Kg8 16. Rfd1 Qb6 17. Qxb6 Nxb6 18. e5 Bxf3 19. gxf3 dxe5 20. fxe5 e6 21.
Rd6 Nc8 22. Rd7 Na7 23. Rxb7 Nc6 24. f4 Rfd8 25. Ne4 Rd4 26. Re1 a4 27. Kf2 axb3
28. axb3 Ra2+ 29. Kg1 Rd3 30. Ng5 Nd4 31. Rb8+ Kg7 32. Rb7 Rdd2 33. Rxf7+ Kg8
34. Rb7 Rg2+ 35. Kh1 Rxh2+ 36. Kg1 Rag2+ 37. Kf1 Rf2+ 38. Kg1 Rhg2+ 39. Kh1 Rxg5
40. Ra1 Rxf4 0-1

[Event "Titled Tue 26th Aug Early"]
[Site "chess.com INT"]
[Date "2025.08.26"]
[Round "10"]
[White "Zakarian, David"]
[Black "Ambartsumian, Tyhran"]
[Result "0-1"]
[WhiteTitle "FM"]
[BlackTitle "CM"]
[WhiteElo "2301"]
[BlackElo "2244"]
[WhiteFideId "13301276"]
[BlackFideId "34161112"]
[EventDate "2025.08.26"]

1. e4 e5 2. Nc3 Nf6 3. Bc4 Nxe4 4. Qh5 Nd6 5. Bb3 Be7 6. f4 e4 7. Nxe4 O-O 8. d3
Nc6 9. Nf3 Nxe4 10. dxe4 d6 11. f5 Na5 12. Bg5 Nxb3 13. axb3 f6 14. Be3 b6 15.
O-O-O Bb7 16. Qg4 Qe8 17. Nd4 Rf7 18. Ne6 Bf8 19. h4 Kh8 20. h5 h6 21. Rh3 Re7
22. Rg3 Qf7 23. Rd4 Rae8 24. c4 Rxe6 25. fxe6 Rxe6 26. Bd2 a5 27. Bc3 Re5 28.
Rh3 Qe8 29. Qg6 Qxg6 30. hxg6 Rg5 31. Rd2 Rxg6 32. Re2 Kg8 33. b4 axb4 34. Bxb4
Rg4 35. Rhe3 Kf7 36. Kd2 Be7 37. Ra3 Bxe4 38. Ra7 c5 39. Bc3 Rxg2 40. Rxg2 Bxg2
41. Rb7 Bxb7 0-1

[Event "Titled Tue 26th Aug Early"]
[Site "chess.com INT"]
[Date "2025.08.26"]
[Round "10"]
[White "Ibrahimli, Murad"]
[Black "Lisenkov, Svyatoslav"]
[Result "1-0"]
[WhiteTitle "IM"]
[BlackTitle "FM"]
[WhiteElo "2445"]
[BlackElo "2343"]
[WhiteFideId "13410229"]
[BlackFideId "34264183"]
[EventDate "2025.08.26"]

1. d4 Nf6 2. c4 c5 3. d5 b5 4. cxb5 a6 5. bxa6 g6 6. Nc3 Bg7 7. e4 Qa5 8. Bd2
O-O 9. Nf3 Bxa6 10. Be2 Bxe2 11. Qxe2 Qa6 12. h3 d6 13. a4 Qxe2+ 14. Kxe2 Na6
15. Rhb1 Nb4 16. Ne1 Rfb8 17. f3 Nd7 18. Nb5 Nb6 19. Bxb4 cxb4 20. b3 Bxa1 21.
Rxa1 Nxd5 22. Rc1 Nf4+ 23. Ke3 e6 24. Kxf4 Rc8 25. Rd1 Rc6 26. Rxd6 Rc1 27. Nd3
Rb1 28. Nd4 f6 29. Rxe6 Rd8 30. Ke3 Kf7 31. Rb6 Rg1 32. Rb7+ Kg8 33. Rxb4 Rxg2
34. a5 f5 35. e5 g5 36. a6 Ra2 37. Ra4 f4+ 38. Ke4 Rd2 39. a7 Ra8 40. e6 Kg7 41.
Ne5 Kf6 42. Nd7+ Ke7 43. Nb6 Rd8 44. a8=Q R2xd4+ 45. Rxd4 Rxa8 46. Nxa8 Kxe6 47.
Nc7+ Kf6 48. Nd5+ Ke6 49. Nxf4+ gxf4 50. b4 h5 51. b5 h4 52. b6 Kf6 53. b7 Kg5
54. b8=Q Kh5 55. Qb6 1-0

[Event "Titled Tue 26th Aug Early"]
[Site "chess.com INT"]
[Date "2025.08.26"]
[Round "10"]
[White "Bok, Benjamin"]
[Black "Grischuk, Alexander"]
[Result "0-1"]
[WhiteTitle "GM"]
[BlackTitle "GM"]
[WhiteElo "2587"]
[BlackElo "2667"]
[WhiteFideId "1017063"]
[BlackFideId "4126025"]
[EventDate "2025.08.26"]

1. d4 Nf6 2. c4 g6 3. g3 c5 4. dxc5 Qa5+ 5. Nc3 Bg7 6. Bg2 Qxc5 7. Qa4 Ng4 8.
Nh3 Bxc3+ 9. bxc3 Ne5 10. Bd5 Nbc6 11. Rb1 Qa5 12. Qc2 d6 13. Nf4 Bf5 14. e4 Bc8
15. Rb5 Qc7 16. c5 O-O 17. cxd6 Qxd6 18. O-O b6 19. Rd1 Qc7 20. Bxc6 Nxc6 21.
Nd5 Qb7 22. Bh6 Re8 23. c4 Be6 24. c5 Rac8 25. cxb6 Bxd5 26. exd5 Nd4 27. Qb2
Nf5 28. Bf4 axb6 29. Rxb6 Qa8 30. g4 Qa4 31. Re1 Qxf4 32. gxf5 Qg4+ 33. Kh1 Qxf5
34. Qd4 Rc2 35. Rb7 Rxf2 36. Kg1 Rf4 37. Qe3 Rg4+ 38. Kh1 Qxd5+ 0-1

[Event "Titled Tue 26th Aug Early"]
[Site "chess.com INT"]
[Date "2025.08.26"]
[Round "10"]
[White "Shangin, Lev"]
[Black "Jin, Ashton"]
[Result "0-1"]
[WhiteElo "2186"]
[BlackElo "2196"]
[WhiteFideId "55681085"]
[BlackFideId "30931908"]
[EventDate "2025.08.26"]

1. d4 d5 2. c4 dxc4 3. Nf3 Nf6 4. e3 e6 5. Bxc4 c5 6. O-O a6 7. Nc3 Nc6 8. a4
cxd4 9. exd4 Be7 10. Qe2 O-O 11. Rd1 Qc7 12. Bg5 Rd8 13. Rac1 Qa5 14. Ba2 h6 15.
Bh4 Nb4 16. Bb1 Bd7 17. Ne4 Nbd5 18. Nxf6+ Bxf6 19. Bxf6 Nxf6 20. b3 Rac8 21.
Ne5 Be8 22. Ng4 Nxg4 23. Qxg4 Rxc1 24. Rxc1 Qb4 25. Rd1 Qxb3 26. h3 Bxa4 27. Rf1
Qb4 28. Rc1 Bc6 29. Rd1 a5 30. Qh4 Qd6 31. Qg4 Qd5 32. Rd3 Qb5 33. Rd1 a4 34.
Kh2 a3 35. Qh4 Qd5 36. Qg4 e5 37. Rd2 exd4 38. Ba2 Qe5+ 39. f4 Qf6 40. Re2 d3
41. Re3 d2 42. Bb1 d1=Q 43. Qxd1 Rxd1 44. Re8+ Bxe8 45. Bh7+ Kxh7 0-1

[Event "Titled Tue 26th Aug Early"]
[Site "chess.com INT"]
[Date "2025.08.26"]
[Round "10"]
[White "Grieve, Harry"]
[Black "Ljukin, Sergei"]
[Result "1-0"]
[WhiteTitle "IM"]
[BlackTitle "FM"]
[WhiteElo "2479"]
[BlackElo "2362"]
[WhiteFideId "426520"]
[BlackFideId "14102200"]
[EventDate "2025.08.26"]

1. e4 e6 2. d4 d5 3. Nc3 Bb4 4. e5 Ne7 5. a3 Bxc3+ 6. bxc3 c5 7. Qg4 Qc7 8. Bd3
Qa5 9. Kd1 Qxc3 10. Rb1 Qxd4 11. Qxg7 Rg8 12. Qf6 Nbc6 13. Nf3 Qxf2 14. Rf1 Qxg2
15. Be3 Qg7 16. Bxc5 Qxf6 17. exf6 Ng6 18. Rg1 b6 19. Be3 Bb7 20. h4 O-O-O 21.
h5 Nge5 22. Nxe5 Rxg1+ 23. Bxg1 Nxe5 24. Kd2 Nxd3 25. cxd3 Rg8 26. Rc1+ Kd7 27.
Ke3 Rg5 28. Bh2 Bc6 29. Bf4 Rxh5 30. Rg1 Rh3+ 31. Kd4 Bb5 32. Rg7 Rxd3+ 33. Ke5
Ke8 34. Rg8+ Kd7 35. Rf8 Kc6 36. Rxf7 Rd1 37. Kxe6 Re1+ 38. Kf5 Bc4 39. Rc7+ Kb5
40. f7 d4 41. f8=Q 1-0

[Event "Titled Tue 26th Aug Early"]
[Site "chess.com INT"]
[Date "2025.08.26"]
[Round "10"]
[White "Banzea, Alexandru-Bogdan"]
[Black "Sovetbekova, Nurai"]
[Result "0-1"]
[WhiteTitle "IM"]
[BlackTitle "WFM"]
[WhiteElo "2394"]
[BlackElo "2027"]
[WhiteFideId "1232622"]
[BlackFideId "13801910"]
[EventDate "2025.08.26"]

1. d4 Nf6 2. Nc3 d5 3. Bf4 e6 4. e3 Bd6 5. Bd3 c5 6. dxc5 Bxf4 7. exf4 Qc7 8.
Nce2 Qxc5 9. c3 Nc6 10. Nf3 O-O 11. O-O b6 12. Ned4 Bb7 13. Re1 Qd6 14. Qd2 Rfd8
15. g3 Ne7 16. Ne5 Ne4 17. Qe3 f6 18. Nef3 e5 19. fxe5 fxe5 20. Nxe5 Qxe5 21. f3
Re8 22. fxe4 dxe4 23. Bxe4 Nf5 24. Nxf5 Bxe4 25. Nd4 Qd5 26. Re2 Bg6 27. Qd2
Rxe2 28. Qxe2 Re8 29. Qf3 Qxf3 30. Nxf3 Re2 31. b4 Be4 32. Nd4 Rg2+ 33. Kf1 Rxh2
34. Re1 Rh1+ 35. Kf2 Rxe1 36. Kxe1 Bd5 37. a3 Kf7 38. Kd2 h5 39. Nb5 a6 40. Nd4
g5 41. Ke3 Kf6 42. Nc2 Bc4 43. Nd4 h4 44. gxh4 gxh4 45. Nf3 h3 46. Kf4 Be6 0-1

[Event "Titled Tue 26th Aug Early"]
[Site "chess.com INT"]
[Date "2025.08.26"]
[Round "10"]
[White "Bluebaum, Matthias"]
[Black "Aravindh, Chithambaram VR."]
[Result "1-0"]
[WhiteTitle "GM"]
[BlackTitle "GM"]
[WhiteElo "2660"]
[BlackElo "2723"]
[WhiteFideId "24651516"]
[BlackFideId "5072786"]
[EventDate "2025.08.26"]

1. d4 d6 2. Nf3 Nf6 3. c4 g6 4. Nc3 Bf5 5. d5 Bg7 6. Nd4 Bd7 7. e4 e5 8. Nb3 O-O
9. Be2 Na6 10. Be3 b6 11. Nd2 c5 12. g4 Nc7 13. a4 Na6 14. h4 Nb4 15. h5 Qc8 16.
f3 h6 17. hxg6 fxg6 18. Nf1 Nh7 19. Bxh6 Bxh6 20. Rxh6 Kg7 21. Rh2 Ng5 22. Qd2
Qd8 23. O-O-O Qf6 24. Ne3 Rh8 25. Rdh1 Rxh2 26. Rxh2 a6 27. Nf5+ gxf5 28. gxf5
Nf7 29. Rg2+ Kf8 30. Rg6 Qh4 31. f6 b5 32. Kb1 Qh1+ 33. Bd1 bxc4 34. Qf2 Rb8 35.
Qg3 Qh8 36. Rg7 Nd3 37. Ka1 Be8 38. Qg4 Nf4 39. Ne2 Nh5 40. Rg6 Nf4 41. Rg7 Nxe2
42. Qe6 c3 43. Qe7# 1-0

[Event "Titled Tue 26th Aug Early"]
[Site "chess.com INT"]
[Date "2025.08.26"]
[Round "10"]
[White "Dicen, Elis Denele"]
[Black "Atzl, Florian"]
[Result "0-1"]
[WhiteTitle "WFM"]
[BlackTitle "CM"]
[WhiteElo "2069"]
[BlackElo "2146"]
[WhiteFideId "462560"]
[BlackFideId "1635891"]
[EventDate "2025.08.26"]

1. e4 c5 2. Nc3 a6 3. a4 e6 4. g3 b6 5. Bg2 Bb7 6. Nge2 Qc7 7. O-O d6 8. d3 Nd7
9. Be3 Be7 10. f4 Ngf6 11. h3 O-O 12. g4 Rfd8 13. Ng3 Nf8 14. g5 Ne8 15. Qg4 d5
16. Nce2 dxe4 17. dxe4 Nd6 18. Rad1 Nc4 19. Bc1 Rxd1 20. Rxd1 Rd8 21. Nc3 Rxd1+
22. Qxd1 Ng6 23. b3 Nd6 24. Qe2 c4 25. Bd2 cxb3 26. cxb3 Qc5+ 27. Qf2 Ne8 28.
Qxc5 Bxc5+ 29. Kf1 Ne7 30. Ke2 Nc6 31. Be3 Nd4+ 32. Bxd4 Bxd4 33. Kd3 Bf2 34.
Nge2 Nc7 35. Nd1 Bc5 36. Ne3 Kf8 37. Nc4 Ke7 38. h4 f5 39. gxf6+ gxf6 40. Ng3
Bf2 41. Nh5 f5 42. Bf3 Ne8 43. Nd2 Nf6 44. exf5 Bxf3 45. Nxf3 Nxh5 46. fxe6
Nxf4+ 47. Ke4 Nxe6 48. h5 Nc5+ 49. Kd5 Nxb3 50. Kc6 Nd4+ 51. Kd5 Nxf3 0-1